Loading...

കറുത്തവരുടെ പ്രിതിനിധാനം ന്യൂ ജനറേഷൻ സിനിമകളിൽ : കമ്മട്ടിപ്പാടം , തൊട്ടപ്പൻ എന്നി സിനിമകളെ മുൻനിർത്തിയുള്ള പഠനം /

Bibliographic Details
Main Author: ദൃശ്യ,വി പി
Format: Dissertation
Language:Malayalam
LEADER 00912nam a22001337a 4500
008 211008b2020 ii ||||| |||| 00| 0 mal d
100 |a ദൃശ്യ,വി പി  
245 |a കറുത്തവരുടെ പ്രിതിനിധാനം ന്യൂ ജനറേഷൻ സിനിമകളിൽ :  |b കമ്മട്ടിപ്പാടം , തൊട്ടപ്പൻ എന്നി സിനിമകളെ മുൻനിർത്തിയുള്ള പഠനം / 
246 |a Karuthavarude prithinidhanam new generation cinemakalil:  |b kammattipadam, thottappan eni cinemakalae munnirthiyulla vimarsanalmaka padanam 
300 |a 151pages. 
502 |a  M.A. dissertation--Department of Malayalam,University of Calicut, 2020. 
942 |c PD 
999 |c 362471  |d 362471 
952 |0 0  |1 0  |4 0  |6 321_000000000000000  |7 0  |9 421760  |a MAL  |b MAL  |c REF  |d 2021-10-16  |i NB925  |l 0  |o 321  |p MALNB925  |r 2021-10-16  |w 2021-10-16  |y PD